Teach yourself Web publishing with HTML in a week / (Record no. 14298)
[ view plain ]
| 000 -LEADER | |
|---|---|
| fixed length control field | 01041cam a2200313 a 4500 |
| 001 - CONTROL NUMBER | |
| control field | 2544695 |
| 003 - CONTROL NUMBER IDENTIFIER | |
| control field | PILC |
| 005 - DATE AND TIME OF LATEST TRANSACTION | |
| control field | 20150112093429.0 |
| 008 - FIXED-LENGTH DATA ELEMENTS--GENERAL INFORMATION | |
| fixed length control field | 941012s1995 inua 001 0 eng d |
| 010 ## - LIBRARY OF CONGRESS CONTROL NUMBER | |
| LC control number | 94069281 |
| 020 ## - INTERNATIONAL STANDARD BOOK NUMBER | |
| International Standard Book Number | 0672306670 |
| 035 ## - SYSTEM CONTROL NUMBER | |
| System control number | (OCoLC)31848324 |
| 040 ## - CATALOGING SOURCE | |
| Original cataloging agency | ICRL |
| Transcribing agency | ICRL |
| Modifying agency | NIIC |
| -- | DLC |
| 042 ## - AUTHENTICATION CODE | |
| Authentication code | lccopycat |
| 050 04 - LIBRARY OF CONGRESS CALL NUMBER | |
| Classification number | QA 76.76 |
| Item number | .L549 1995 |
| 082 00 - DEWEY DECIMAL CLASSIFICATION NUMBER | |
| Classification number | CSF 005.61 |
| Item number | L54 1995 |
| 100 1# - MAIN ENTRY--PERSONAL NAME | |
| Personal name | Lemay, Laura. |
| 9 (RLIN) | 8635 |
| 245 10 - TITLE STATEMENT | |
| Title | Teach yourself Web publishing with HTML in a week / |
| Statement of responsibility, etc | Laura Lemay. |
| 246 3# - VARYING FORM OF TITLE | |
| Title proper/short title | Web publishing with HTML in a week |
| 250 ## - EDITION STATEMENT | |
| Edition statement | 1st ed. |
| 260 ## - PUBLICATION, DISTRIBUTION, ETC. (IMPRINT) | |
| Place of publication, distribution, etc | Indianapolis, Ind. : |
| Name of publisher, distributor, etc | Sams Pub., |
| Date of publication, distribution, etc | 1995. |
| 300 ## - PHYSICAL DESCRIPTION | |
| Extent | 403 pages : |
| Other physical details | illustration ; |
| Dimensions | 23 cm. |
| 650 #0 - SUBJECT ADDED ENTRY--TOPICAL TERM | |
| Topical term or geographic name as entry element | HTML (Document markup language) |
| 9 (RLIN) | 8636 |
| 650 #0 - SUBJECT ADDED ENTRY--TOPICAL TERM | |
| Topical term or geographic name as entry element | Electronic publishing |
| General subdivision | Programmed instruction. |
| 9 (RLIN) | 8640 |
| 650 #0 - SUBJECT ADDED ENTRY--TOPICAL TERM | |
| Topical term or geographic name as entry element | World Wide Web. |
| 9 (RLIN) | 8638 |
| 906 ## - LOCAL DATA ELEMENT F, LDF (RLIN) | |
| a | 7 |
| b | cbc |
| c | copycat |
| d | 2 |
| e | opcn |
| f | 19 |
| g | y-gencatlg |
| 942 ## - ADDED ENTRY ELEMENTS (KOHA) | |
| Source of classification or shelving scheme | Library of Congress Classification |
| Koha item type | Books |
| Withdrawn status | Lost status | Source of classification or shelving scheme | Damaged status | Home library | Current library | Shelving location | Date acquired | Total Checkouts | Full call number | Barcode | Date last seen | Price effective from | Koha item type |
|---|---|---|---|---|---|---|---|---|---|---|---|---|---|
| Library of Congress Classification | Southville International School Affiliated with Foreign Universities Library | Southville International School Affiliated with Foreign Universities Library | Southville Foreign University Section | 08/06/2013 | QA 76.76 .L549 1995 | SFU0191 | 05/15/2018 | 08/06/2013 | Books |